000
00335nam a22001457a 4500
008
221019b ||||| |||| 00| 0 eng d
020
_a
9780132156882
041
_a
eng
080
_2
FIFTH EDITION
_a
610.73
082
_a
610.73 WAL
100
_a
8
101
_a
INF
245
_a
STRATEGIES FOR THEORY
_c
WALKER O.L
942
_2
udc
_c
BK
999
_c
58613
_d
58613